100 audiencias públicas con gotas de humor / (Record no. 128502)

MARC details
000 -LEADER
campo de control de longitud fija 00678nam a2200205 i 4500
001 - NÚMERO DE CONTROL
campo de control 128502
003 - IDENTIFICADOR DE NÚMERO DE CONTROL
campo de control ES-MaACL
005 - FECHA Y HORA DE LA ÚLTIMA TRANSACCIÓN
campo de control 20230906193312.0
007 - CAMPO FIJO DE DESCRIPCIÓN FÍSICA--INFORMACIÓN GENERAL
campo de control de longitud fija t|
008 - DATOS DE LONGITUD FIJA--INFORMACIÓN GENERAL
campo de control de longitud fija 070514s1967 sp a |||| | spa d
080 ## - NÚMERO DE LA CLASIFICACIÓN DECIMAL UNIVERSAL
Número de la Clasificación Decimal Universal 347.99(460)(047)
100 1# - ENTRADA PRINCIPAL--NOMBRE DE PERSONA
Nombre de persona Tachin.
9 (RLIN) 109051
245 10 - MENCIÓN DEL TÍTULO
Título 100 audiencias públicas con gotas de humor /
Mención de responsabilidad, etc. [seud.] ; prólogo, Narciso Antonio Alonso Cortés.
246 33 - FORMA VARIANTE DEL TITULO
Título propio/Titulo breve Cien audiencias públicas con gotas de humor
260 ## - PUBLICACIÓN, DISTRIBUCIÓN, ETC.
Lugar de publicación, distribución, etc. Madrid :
Nombre del editor, distribuidor, etc. Prensa Española,
Fecha de publicación, distribución, etc. 1967.
300 ## - DESCRIPCIÓN FÍSICA
Extensión 248 p., 3 h. ;
Dimensiones 21 cm.
650 #4 - PUNTO DE ACCESO ADICIONAL DE MATERIA--TÉRMINO DE MATERIA
Término de materia o nombre geográfico como elemento de entrada Tribunales-
Subdivisión geográfica España-
Subdivisión de forma Anécdotas.
9 (RLIN) 147706
700 1# - ENTRADA AGREGADA--NOMBRE PERSONAL
Nombre de persona Alonso-Cortés, Narciso Antonio.
9 (RLIN) 20278
852 ## - LOCALIZACIÓN
Ubicación ES-MaACL
Número de control de estantería C-32800
Holdings
Estatus retirado Estado de pérdida Estado de daño No para préstamo Biblioteca de origen Biblioteca actual Ubicación en estantería Fecha de adquisición Fuente de adquisición Total de préstamos Signatura topográfica completa Código de barras Visto por última vez Precio de reemplazo Tipo de ítem Koha
        Biblioteca del Ateneo de Madrid Biblioteca del Ateneo de Madrid Depósito 2 17/01/2008     C-32800 1133831 23/02/2023 23/02/2023 Libro impreso